000 01232cam a2200289 i 4500
003 SA-RiAUC
005 20251007123302.0
008 250720s1995 ua g 000 0 ara c
040 _aSA-JeALM
_bara
_cSA-RiAUC
_erda
043 _aa-su---
082 0 4 _a215
090 _a215
_bا ب ن ج
100 1 _aابن الجوزي، عبد الرحمن بن علي بن محمد،
_d508-597 هجري
_eمؤلف.
245 1 0 _aمثير الغرام الساكن إلى أشراف الأماكن /
_cأبو الفرج عبد الرحمن بن الجوزي ؛ قدم له وحققه وفهرسه مصطفى محمد حسين الذهبي.
250 _aالطبعة الاولى.
264 1 _aالقاهرة :
_bدار الحديث،
_c1995
300 _a583 صفحة؛
_c24 سم.
336 _aنص
_btxt
_2rdacontent
_3كتاب
337 _aبدون وسيط
_bn
_2rdamedia
338 _aمجلد
_bnc
_2rdacarrier
650 7 _aالحج
_2aucsh
650 7 _aالأماكن المقدسة الإسلامية
_zالسعودية
_2aucsh
651 7 _aمكة المكرمة
_xتاريخ
_2aucsh
700 1 _aالذهبي، مصطفى محمد حسين
_eمحقق.
942 _2ddc
_cBOOK
_n0
949 _aSA-JeALM
_d250720
_uosman123
_n1
999 _c12457
_d12457